000 00294nam a2200121Ia 4500
008 190216s9999||||xx |||||||||||||| ||und||
100 _aSharma A M
245 0 _aPerssonel And Human Resource Management
260 _bKalyani Publisher
_c2000
300 _a305p
650 _aCommerce
942 _cBK
999 _c6051
_d6051